000 00891cam a2200253 i 4500
999 _c130516
_d130516
001 327810
003 ARRUPE
005 20201020115330.0
008 760607r1977 nyu 000 0 eng
010 _a 75025388
020 _a0330261290
040 _aDLC
_cDLC
_dDLC
050 0 0 _aPR6025.A86
_bF6 1977
082 0 0 _a822/.9/12
100 1 _aMaugham, W. Somerset
_q(William Somerset),
_d1874-1965.
_943773
245 1 0 _aFor services rendered :
_ba play in three acts /
_cW. Somerset Maugham.
260 _aNew York :
_bArno Press,
_c1977, c1933.
300 _a87 p. ;
_c21 cm.
490 1 _aThe works of W. Somerset Maugham
500 _aReprint of the 1st ed. published by Doubleday, Doran, Garden City, N.Y.
800 1 _aMaugham, W. Somerset
_q(William Somerset),
_d1874-1965.
_tWorks.
_f1977.
_949917
906 _a7
_bcbc
_corignew
_d1
_eocip
_f19
_gy-gencatlg
942 _2lcc
_cMONOGRAPH